Представление документа в формате RUSMARC

ПолеНазваниеЗначение
  Тип записи a
  Библиографический уровень m
001 Контрольный номер feeca30e7897457b8216a8eb3517d934
005 Дата корректировки 20260608162344.0
010 Индекс ISBN __
a ISBN 978-5-00250-286-8
b Уточнения в пер.
9 Тираж 10000 экз.
d Цена 624-49
100 Данные общей обработки __
a Данные общей обработки 20260601d2025 m y0rusy028902 ca
101 Язык документа 1_
a Язык текста rus
c Язык оригинала fre
102 Страна публикации __
a Страна публикации RU
105 Кодированные данные (монография) __
a Кодированные данные (монография) y z 000ay
181 Поле кодированных данных: вид содержания _0
a Код вида содержания (ISBD) i
182 Поле кодированных данных: тип средства _0
a Код типа средства (ISBD) n
200 Заглавие и сведения об ответственности 1_
a Заглавие Госпожа Бовари
e Сведения, относящиеся к заглавию [роман]
f Первые сведения об ответственности Гюстав Флобер
g Последующие сведения об ответственности перевод с французского Александра Ромма
203 Вид содержания и тип средства __
a Вид содержания Текст
c Тип средства непосредственный
210 Выходные данные 1_
a Место издания Москва
c Издательство МИФ
d Дата издания 2025
215 Физическое описание __
a Объем 413, [2] с.
d Формат 21 см
225 Серия 2_
a Серия Вечные истории
i Наименование части Young Adult
225 Серия 2_
a Серия Классика
330 Аннотация __
a Аннотация "Госпожа Бовари" - самый известный роман Гюстава Флобера, взбудораживший общественность и принесший ему скандальную славу. Впервые напечатан в парижском литературном журнале в 1856 году, а в следующем автора привлекли к суду за оскорбление морали. Эмма Бовари живет в браке без любви и мечтает о другой жизни - волнующей, красивой, полной страстей, как в романах, которые она читала в юности. Она будто знает, чего хочет, но ее желания - не о себе, а о выдуманном мире. В этих поисках она все дальше отдаляется от реальности и самой себя. Флобер показывает, как легко запутаться в чужих образах счастья и потерять опору, если желания рождаются не изнутри, а под влиянием чужих слов, примеров и ожиданий.
333 Примечание о целевом назначении __
a Примечание о целевом назначении 16+. Для детей старше 16 лет
606 Тематические рубрики __
a Основная рубрика Художественная литература
2 Код системы nlr_sh
606 Тематические рубрики __
a Основная рубрика Литература Европы (произведения)
z Хронологическая подрубрика 19 в.
y Географическая подрубрика Франция
2 Код системы nlr_sh
610 Ключевые слова 0_
a Ключевые слова зарубежная литература
610 Ключевые слова 0_
a Ключевые слова иностранная литература
610 Ключевые слова 0_
a Ключевые слова классическая литература
610 Ключевые слова 0_
a Ключевые слова литературные герои
610 Ключевые слова 0_
a Ключевые слова литературные персонажи
610 Ключевые слова 0_
a Ключевые слова романы
610 Ключевые слова 0_
a Ключевые слова тема взаимоотношений
610 Ключевые слова 0_
a Ключевые слова тема женщины
610 Ключевые слова 0_
a Ключевые слова тема любви
610 Ключевые слова 0_
a Ключевые слова тема мужчины
610 Ключевые слова 0_
a Ключевые слова тема семьи
610 Ключевые слова 0_
a Ключевые слова французская литература
610 Ключевые слова 0_
a Ключевые слова Эмма Бовари
686 Индексы других классификаций __
2 Код системы rubbks
a Классификационный индекс 84(4Фра)52-4; ст84(4Фра)-4
700 Автор _1
a Фамилия Флобер
b Имя Г.
f Даты 1821-1880
g Полное личное имя Гюстав
4 Код отношения 070
702 Вторичная интеллектуальная ответственность _1
a Фамилия Ромм
b Имя А. И.
4 Код отношения 730
f Даты 1898-1943
g Полное личное имя Александр Ильич
801 Источник записи _0
a Страна RU
b Организация Муниципальное бюджетное учреждение культуры "Централизованная библиотечная система" г. Сургут (Центральная городская библиотека им. А. С. Пушкина)
c Дата составления 20260601
g Правила каталогизации PSBO
801 Источник записи _1
a Страна RU
b Организация Муниципальное бюджетное учреждение культуры "Централизованная библиотечная система" г. Сургут (Центральная городская библиотека им. А. С. Пушкина)
c Дата составления 20260601
g Правила каталогизации PSBO
852 Данные о местонахождении __
j Шифр хранения 84(4Фра)52-4
i Авторский знак Ф 73
900 Макрообъекты __
a Макрообъекты Госпожа Бовари. Флобер, Г. , 2025
901 Тип документа __
t Тип документа m
a Ответственный ООФиК/Волкова
901 Тип документа __
a Ответственный 6 партия
903 Характеристики (МАРС) __
a Дата передачи 20260601
c Наименование библиотеки (МАРС) Муниципальное бюджетное учреждение культуры "Централизованная библиотечная система" г. Сургут (Центральная городская библиотека им. А. С. Пушкина)
969 Тип издания __
a Тип издания Ф 26
990 Данные о заказе (DOS) __
j Количество экземпляров (DOS) 5
t N записи в КСУ для И/У (DOS) 202606